| 000 | 01617cam a2200349 a 4500 | ||
|---|---|---|---|
| 999 |
_c18554 _d18554 |
||
| 001 | 15847790 | ||
| 005 | 20170113082910.0 | ||
| 008 | 090803s2010 caua b s001 0 eng | ||
| 010 | _a 2009031956 | ||
| 020 | _a9780520259546 (cloth : alk. paper) | ||
| 020 | _a0520259548 (cloth : alk. paper) | ||
| 050 | 0 | 0 | _aN 7780 .G53 2010 |
| 100 | 1 | _aGibson, Walter S. | |
| 245 | 1 | 0 |
_aFigures of speech : _bpicturing proverbs in renaissance Netherlands / _cWalter S. Gibson. |
| 260 |
_aBerkeley : _bUniversity of California Press, _cc2010. |
||
| 300 |
_axv, 236 p. : _bill. ; _c24 cm. |
||
| 504 | _aIncludes bibliographical references (p. 215-228) and index. | ||
| 505 | 0 | _aA passion for proverbs -- The proverb portrayed -- From hay to turnips: the curious career of a Bosch invention -- Loquacious pictures: twelve emblematic proverb engravings -- The Battle for the breeches: a proverb in the making. | |
| 650 | 0 | _aProverbs in art. | |
| 650 | 0 |
_aArt, Renaissance _zNetherlands. |
|
| 650 | 0 |
_aArt, Renaissance _zBelgium. |
|
| 650 | 0 | _aArt, Netherlandish. | |
| 942 |
_2lcc _cBOOKS _hN 7780 .G53 2010 |
||